000 00773nam a2200253Ia 4500
003 OSt
005 20220918171141.0
006 a|||||r|||| 00| 0
007 ta
008 220917b |||||||| |||| 00| 0 eng d
020 _a9781403972453 (hbk)
_c3388.52
024 _a238,341
037 _b27987, 13/07/2009, Segment Book Distributors
_cTextual
040 _aARTS
_cARTS
_beng
041 _2eng
_aeng
082 _aV45.N, P9
100 _aPotter Lawrence G. Ed.
_934519
245 0 _aPersian Gulf in history
260 _aNew York
_bPalgrave Macmillan USA
_c2009
300 _aviii,326p.
_ccm.
650 _aHISTORY
942 _hV45.N, P9
_cTEXL
_2CC
999 _c138124
_d138124